banner koha

Biossorção de cobre, manganês e cádmio por biomassas de Saprolegnia subterranea (Dissmann)R.L. Seym. e Pythium torulosum Coker P. Patt. (Oomycetes) (Registro n. 214632)

MARC details
000 -LÍDER
campo de controle de tamanho fixo 01126nas a2200313 4500
001 - NÚMERO DE CONTROLE
campo de controle BR2011005039
003 - IDENTIFICADOR DO NÚMERO DE CONTROLE
campo de controle BR-BrBNA
005 - DATA E HORÁRIO DA ÚLTIMA TRANSAÇÃO
campo de controle 20231205115603.0
007 - CAMPO FIXO DE DESCRIÇÃO FÍSICA--INFORMAÇÃO GERAL
campo de controle de tamanho fixo ta
008 - CAMPO DE DADOS FIXOS--INFORMAÇÃO GERAL
campo de controle de tamanho fixo 230509b bl.|||p| |||| 00| 00por d
040 ## - FONTE DA CATALOGAÇÃO
Instituição da catalogação original BR-BrBNA
Idioma da catalogação por
Instituição que transcreveu o registro Biblioteca Nacional de Agricultura
041 ## - CÓDIGO DE IDIOMA
Código do idioma do texto/trilha sonora ou título diferente (Pt)
072 ## - CÓDIGO DE CATEGORIA DE ASSUNTO
Código de Categoria de Assunto H20
100 1# - ENTRADA PRINCIPAL--NOME PESSOAL
Nome pessoal Souza, J.I. de
100 1# - ENTRADA PRINCIPAL--NOME PESSOAL
Nome pessoal Schoenlein-Crusius, I.H.
100 1# - ENTRADA PRINCIPAL--NOME PESSOAL
Nome pessoal Pires-Zottarelli, C.L.A.
100 1# - ENTRADA PRINCIPAL--NOME PESSOAL
Nome pessoal Schoenlein, N.C.
245 1# - TÍTULO
Título Biossorção de cobre, manganês e cádmio por biomassas de Saprolegnia subterranea (Dissmann)R.L. Seym. e Pythium torulosum Coker <br/> P. Patt. (Oomycetes)
246 1# - FORMA VARIANTE DO TÍTULO
Título/título abreviado Copper, manganese and cadmium biosorption by Saprolegnia subterranea (Dissmann)R.L. Seym. and Pythium torulosum Coker <br/> P. Patt. (Oomycetes)biomass
650 ## - ASSUNTO--TERMO TÓPICO
Cabeçalho tópico ou nome geográfico FUNGO
650 ## - ASSUNTO--TERMO TÓPICO
Cabeçalho tópico ou nome geográfico METAL PESADO
650 ## - ASSUNTO--TERMO TÓPICO
Cabeçalho tópico ou nome geográfico COBRE
650 ## - ASSUNTO--TERMO TÓPICO
Cabeçalho tópico ou nome geográfico MANGANÊS
650 ## - ASSUNTO--TERMO TÓPICO
Cabeçalho tópico ou nome geográfico CÁDMIO
650 ## - ASSUNTO--TERMO TÓPICO
Cabeçalho tópico ou nome geográfico POLUIÇÃO
773 0# - ENTRADA ANALÍTICA
Título Acta Botanica Brasilica (Brazil)
ISSN - International Standard Serial Number ISSN 0102-3306
Partes relacionadas (Jan-Mar 2008), v. 22(1) p. 217-223
Número de controle do registro BR2011005039
909 ## -
-- 202311
-- Lúcia
-- 55
-- Lúcia Elande
942 ## - ELEMENTOS DE ENTRADA ADICIONADOS (KOHA)
Fonte da classificação ou esquema de arquivamento na estante Classificação AGRIS
Ocultar no OPAC Não
Tipo de material Koha Analítica
Exemplares
Situação do descarte Fonte da classificação ou esquema de arquivamento na estante Situação física Não pode ser emprestado Biblioteca de origem Biblioteca atual Localização na estante Enumeração do periódico / cronologia Total de empréstimos Data de último acesso Número do exemplar Tipo de material Koha Fonte de aquisição
  Classificação AGRIS   Consulta local Biblioteca Nacional de Agricultura - Binagri Biblioteca Nacional de Agricultura - Binagri   (Jan-Mar 2008), v. 22(1) p. 217-223   29/11/2023 01 Periódicos Portaria Interministerial nº 164/94

BINAGRI

Telefone: (61)3218-2567/2388/3357/2097 - binagri@agro.gov.br

Ministério da Agricultura e Pecuária , Esplanada dos Ministérios, Bloco D, Anexo B, Brasília/DF, CEP: 70.043-900